书目信息 |
| 题名: |
菊农的一亩田
|
|
| 作者: | 菊农 著 | |
| 分册: | ||
| 出版信息: | 兰州 敦煌文艺出版社 2013.02 |
|
| 页数: | 198页 | |
| 开本: | 23cm | |
| 丛书名: | 青少年必读的当代知性美文 | |
| 单 册: | ||
| 中图分类: | I267 | |
| 科图分类: | ||
| 主题词: | 散文集--san wen ji--中国--当代 | |
| 电子资源: | ||
| ISBN: | 978-7-5468-0424-8 | |
| 000 | 00975nam 2200289 450 | |
| 001 | 1954677453 | |
| 005 | 20191121151203.14 | |
| 010 | @a978-7-5468-0424-8@dCNY32.00 | |
| 100 | @a20130516d2013 demy0chiy50 ea | |
| 101 | 0 | @achi |
| 102 | @aCN@b620000 | |
| 105 | @aa z 000cy | |
| 200 | 1 | @a菊农的一亩田@Aju nong de yi mu tian@f菊农著@Fju nong zhu |
| 210 | @a兰州@c敦煌文艺出版社@d2013.02 | |
| 215 | @a198页@c图@d23cm | |
| 225 | 2 | @a青少年必读的当代知性美文@Aqing shao nian bi dou de dang dai zhi xing mei wen |
| 330 | @a本书共分为五辑, 主要内容包括: 野百合、月亮花的秘密、菊农的一亩田、平凡是美丽的、纪念幸福、哭砂、冬日下午茶等。 | |
| 410 | 0 | @12001 @a青少年必读的当代知性美文 |
| 540 | @a菊农的一亩田 | |
| 606 | 0 | @a散文集@Asan wen ji@y中国@z当代 |
| 690 | @aI267@v5 | |
| 701 | 0 | @a菊农@Aju nong@4著 |
| 801 | @aCN@bDYGS@c20110510 | |
| 803 | @a青少年 | |
| 901 | @a2013 | |
| 905 | @eJ945@dI267@b0847330-2@f3 | |
| 962 | @aA9787546804248#20130520131738375 | |
| 菊农的一亩田/菊农著.-兰州:敦煌文艺出版社,2013.02 |
| 198页:图;23cm.-(青少年必读的当代知性美文) |
| ISBN 978-7-5468-0424-8:CNY32.00 |
| 本书共分为五辑, 主要内容包括: 野百合、月亮花的秘密、菊农的一亩田、平凡是美丽的、纪念幸福、哭砂、冬日下午茶等。 |
| ● |
| 相关链接 |
|
|
|
正题名:菊农的一亩田
索取号:I267/J945
 
预约/预借
| 序号 | 登录号 | 条形码 | 馆藏地/架位号 | 状态 | 备注 |
| 1 | 1303075 | 213030753 | 社科二线422/422社科库 51排3列5层/ [索取号:I267/J945] | 在馆 | |
| 2 | 1303076 | 213030762 | 文学库116/116文学库 4排5列3层/ [索取号:I267/J945] | 在馆 |